Pattan te parchhaven (Record no. 18899)
[ view plain ]
| 000 -LEADER | |
|---|---|
| fixed length control field | 00299nam a2200133Ia 4500 |
| 008 - FIXED-LENGTH DATA ELEMENTS--GENERAL INFORMATION | |
| fixed length control field | 090707b ii f a fnsan d |
| 100 ## - MAIN ENTRY--PERSONAL NAME | |
| Personal name | Mohanjit, ed. |
| 245 ## - TITLE STATEMENT | |
| Title | Pattan te parchhaven |
| 260 ## - PUBLICATION, DISTRIBUTION, ETC. | |
| Place of publication | Delhi |
| 260 ## - PUBLICATION, DISTRIBUTION, ETC. | |
| Name of publisher | Arsee Publishers |
| 260 ## - PUBLICATION, DISTRIBUTION, ETC. | |
| Year of publication | 1994 |
| 300 ## - PHYSICAL DESCRIPTION | |
| Number of Pages | 119p. |
| 942 ## - ADDED ENTRY ELEMENTS (KOHA) | |
| Koha item type | Books |
| Accession Number | Lost status | Damaged status | Price effective from | Koha item type | Not for loan | Collection code | Withdrawn status | Home library | Current library | Shelving location | Date acquired | Cost, normal purchase price | Source of acquisition |
|---|---|---|---|---|---|---|---|---|---|---|---|---|---|
| 39735 | 10/02/2018 | Books | Punjabi Department Books | RCL | RCL | General Stacks | 10/02/2018 | ||||||
| 39736 | Books | Punjabi Department Books | RCL | RCL | General Stacks | 0.00 | |||||||
| 40502 | Books | Punjabi Department Books | RCL | RCL | General Stacks | 0.00 | |||||||
| 42160 | Books | Punjabi Department Books | RCL | RCL | General Stacks | 30.00 | DDC | ||||||
| 42960 | Books | Punjabi Department Books | RCL | RCL | General Stacks | 30.00 |


